header

Adobe indesign CSX revealed (Record no. 55211)

MARC details
000 -LEADER
fixed length control field 01084nam a2200289Ia 4500
082 04 - DEWEY DECIMAL CLASSIFICATION NUMBER
Classification number 686.2/2544536
100 1# - MAIN ENTRY--AUTHOR NAME
Personal name Botello, Chris.
245 10 - TITLE STATEMENT
Title Adobe indesign CSX revealed
260 ## - PUBLICATION, DISTRIBUTION, ETC. (IMPRINT)
Place of publication Boston, MA :
Name of publisher Thomson Course Technology PTR,
Year of publication 2005.
300 ## - PHYSICAL DESCRIPTION
Number of Pages xxii, 473 p.
500 ## - GENERAL NOTE
General note Includes index.
650 #0 - SUBJECT ADDED ENTRY--TOPICAL TERM
Topical Term Desktop publishing.
856 40 - ELECTRONIC LOCATION AND ACCESS
Uniform Resource Identifier http://site.ebrary.com/lib/rucke/Doc?id=10082054

No items available.

© 2026 Rongo University
Contact us: librarian | system librarian | Rongo university